McGraw Hill encyclopedia of science and technology.
| Published: |
New York:
McGraw Hill,
2002.
|
|---|---|
| Subjects: |
| LEADER | 00376cam a2200133 7i4500 | ||
|---|---|---|---|
| 001 | 0000010638 | ||
| 005 | 20170607090000.0 | ||
| 020 | |a 0079136656 (hbk. ; set) | ||
| 090 | 0 | 0 | |a Q121 |b .M34 2002 |
| 245 | 0 | 0 | |a McGraw Hill encyclopedia of science and technology. |
| 260 | |a New York: |b McGraw Hill, |c 2002. | ||
| 300 | |a 20v.: |b col. ill., col. maps; |c 29cm. | ||
| 650 | 0 | 0 | |a Science |
| 650 | 0 | 0 | |a Technology |


